00321nam a2200121Ia 4500008004100000082001400041100001700055245004100072250000900113260002700122300001000149650004000159150201s2008 xx 000 0 und d a616bE08T aTURNPENNY,PD aEMERY,S ELEMENTS OF MEDICAL GENETICS a13TH bCHURCHILLaDELHIc2008 a1-423 aOTHER CLINICAL & NON CLINICAL BOOKS